| 000 | 00522nam a22001697a 4500 | ||
|---|---|---|---|
| 005 | 20231031121429.0 | ||
| 008 | 231031b |||||||| |||| 00| 0 eng d | ||
| 020 | _a0702109908 | ||
| 041 | _aEnglish | ||
| 082 | _a346.6 MAC | ||
| 100 |
_aMacGregor, IH _lEnglish |
||
| 245 |
_aMergers, Acquisitions and Shareholders / _cIH MacGregor |
||
| 260 |
_aCape Town : _bJuta and Company Limited, _c1979 |
||
| 300 |
_bxix, 156 pages ; _c25 cm. |
||
| 650 |
_alegal practice _bLaw |
||
| 942 |
_cBK _6ALISON_BN_VRIES |
||
| 999 |
_c186 _d186 |
||